00481nam a22001577a 450000500170000001000150001702000260003203500140005803700090007208200080008110000230008924500670011226000430017927000810022230000200030320260521104155.0 aENG-148566 a9789383178278c250.00 aEN-132098 bDBAD a425 aAbhishek Davi John aA Spark of English Grammer/c by Abhishek David John...[et.al] aChennaibMurankalari Padaippagamc2017 a34/25, Vedhachalam st. Gandhi Nagar, Chinna Sekkadu, ManalibChennaie600068 a99p. c21cm(pb)